Herramientas fiscales en época de COVID-19. Institutos jurídicos esenciales en la relación fisco-contribuyente (Registro nro. 35218)

Detalles MARC
000 -LEADER
fixed length control field 00417 a2200121 4500
001 - CONTROL NUMBER
control field ART_51948
005 - DATE AND TIME OF LATEST TRANSACTION
control field 20260410162045.0
008 - FIXED-LENGTH DATA ELEMENTS--GENERAL INFORMATION
fixed length control field 260409a
100 1# - MAIN ENTRY--PERSONAL NAME
Personal name Caveggia, Sergio
245 10 - TITLE STATEMENT
Title Herramientas fiscales en época de COVID-19. Institutos jurídicos esenciales en la relación fisco-contribuyente
700 1# - ADDED ENTRY--PERSONAL NAME
Personal name Stepanenko, Felipe C.
773 0# - HOST ITEM ENTRY
Title Impuestos
Related parts - N°81 (ago. 2020)
Record control number REV45175

No hay ítems disponibles.